Kitāb Mālīyat Miṣr min ʻahd al-farāʻinah ilá al-ān /
محفوظ في:
المؤلف الرئيسي:
التنسيق: كتاب
اللغة:
Arabic
French
منشور في:
al-Iskandarīyah :
Maṭbaʻat Ṣalāḥ al-Dīn,
1931.
الموضوعات:
الوسوم: إضافة وسم
لا توجد وسوم, كن أول من يضع وسما على هذه التسجيلة!
رقم الطلب: HG187.5 .E3 T871 1931
| LEADER | 01621nam a2200289Ia 4500 | ||
|---|---|---|---|
| 003 | OSt | ||
| 005 | 20230727100745.0 | ||
| 008 | 130303s1931 ua j 000 0 ara d | ||
| 952 | |0 0 |1 0 |2 lcc |4 0 |6 HG01875 E3 T871 01931 |7 1 |9 49355 |a ARCE |b ARCE |d 2023-07-27 |l 0 |o HG187.5 .E3 T871 1931 |p 1027318 |r 2023-07-27 00:00:00 |w 2023-07-27 |y BK | ||
| 999 | |c 26173 |d 26173 | ||
| 040 | |c ARCE Library | ||
| 041 | 1 | |a ara |h fre | |
| 043 | |a f-ua--- | ||
| 050 | 4 | |a HG187.5 .E3 T871 1931 | |
| 100 | 1 | |6 880-01 |a Ṭūsūn, ʻUmar, |c Prince, |d 1872-1944, |e author |9 41355 | |
| 240 | 1 | 0 | |a Mémoires sur les finances de l'Egypte depuis les Pharaons jusqu'a nos jours. |l Arabic |
| 245 | 1 | 0 | |6 880-02 |a Kitāb Mālīyat Miṣr min ʻahd al-farāʻinah ilá al-ān / |c lil-Amīr ʻUmar Ṭūsūn. |
| 246 | 3 | 0 | |a Mālīyat Miṣr min ʻahd al-farāʻinah ilá al-ān. |
| 264 | 1 | |a al-Iskandarīyah : |b Maṭbaʻat Ṣalāḥ al-Dīn, |c 1931. | |
| 300 | |a 340, 23 pages : |b tables ; |c 27 cm. | ||
| 500 | |a Translation of : Mémoires sur les finances de l'Egypte depuis les Pharaons jusqu'a nos jours. | ||
| 650 | 0 | |a Finance |z Egypt. | |
| 650 | 0 | |a Finance, Public |z Egypt. | |
| 880 | 1 | |6 100-01/(3/r |a طوسون، عمر، |c أمير، |d 1872-1944. | |
| 880 | 1 | 0 | |6 245-02/(3/r |a كتاب مالية مصر من عهد الفراعنة إلى الآن |c للأمير عمر طوسون. |
| 901 | |a reviewed | ||
| 942 | |c BK |2 lcc | ||
